[Event "Bezirksliga Oberbayern 1819"]
[Site "Bayern"]
[Date "2019.02.24"]
[Round "7.2"]
[White "Durakovic, Alman"]
[Black "Gesing, Oliver"]
[Result "1-0"]
[WhiteElo "2275"]
[BlackElo "2127"]
[PlyCount "59"]
[EventDate "2018.10.21"]
[EventType "team-tourn"]
[EventRounds "9"]
[EventCountry "GER"]
[SourceTitle "EXT 2022"]
[Source "ChessBase"]
[SourceDate "2021.10.06"]
[SourceVersion "1"]
[SourceVersionDate "2021.10.06"]
[SourceQuality "1"]
[WhiteTeam "Freilassing"]
[BlackTeam "Graefelfing SK"]
[WhiteTeamCountry "GER"]
[BlackTeamCountry "GER"]

1. d4 d5 2. c4 c6 3. Nc3 Nf6 4. e3 e6 5. Nf3 Nbd7 6. Qc2 Bd6 7. Bd3 dxc4 8. Bxc4 b5 9. Be2 Bb7 10. 0-0 0-0 11. Rd1 Qe7 12. e4 e5 13. Bg5 h6 14. dxe5 Nxe5 15. Nd4 Bb4 16. Nf5 Qe6 17. a3 Bc5 18. Bxf6 Qxf6 19. b4 Bb6 20. Rd6 Qg5 21. g3 Ng4 22. Kg2 Rfd8 23. h4 Qh5 24. Rad1 c5 25. Bxg4 Qxg4 26. f3 Bxe4 27. Ne7+ Kf8 28. Nxe4 Qh5 29. R6d5 Rxd5 30. Rxd5 1-0

[Event "Schwarzacher op 33rd"]
[Site "Schwarzach"]
[Date "2018.07.22"]
[Round "9"]
[White "Durakovic, Alman"]
[Black "Granovskiy, Alexandr"]
[Result "1-0"]
[WhiteElo "2280"]
[BlackElo "2278"]
[PlyCount "111"]
[EventDate "2018.07.14"]
[EventType "swiss"]
[EventRounds "9"]
[EventCountry "AUT"]
[SourceTitle "EXT 2019"]
[Source "ChessBase"]
[SourceDate "2018.10.10"]
[SourceVersion "1"]
[SourceVersionDate "2018.10.10"]
[SourceQuality "1"]

1. d4 Nf6 2. Nf3 d5 3. c4 dxc4 4. e3 b5 5. a4 b4 6. Bxc4 e6 7. 0-0 Bb7 8. a5 Nbd7 9. Nbd2 Rc8 10. e4 Be7 11. Re1 0-0 12. Qb3 c5 13. d5 exd5 14. exd5 Bd6 15. Nf1 Re8 16. Rxe8+ Nxe8 17. Bg5 Be7 18. Bxe7 Qxe7 19. Re1 Qd8 20. Qe3 Nd6 21. Bd3 Nf6 22. Ng3 Bxd5 23. a6 c4 24. Bb1 Bxf3 25. gxf3 Qc7 26. Qf4 c3 27. Qxb4 cxb2 28. Qxb2 Qc3 29. Qxc3 Rxc3 30. Rd1 Nfe8 31. Nf5 Nxf5 32. Bxf5 Kf8 33. Rd8 Rc6 34. Ra8 Rc7 35. Be4 Ke7 36. Bb7 Nd6 37. Rxa7 Kd7 38. Kg2 g6 39. Kg3 h6 40. Kf4 f6 41. Kg4 Ke7 42. Kg3 Kd7 43. Kg2 h5 44. f4 f5 45. Kh3 Ke7 46. f3 Kf6 47. Kh4 Re7 48. Ra8 Nxb7 49. Rf8+ Kg7 50. a7 Kxf8 51. a8Q+ Kg7 52. Kg5 Nd6 53. Qa1+ Kh7 54. Kf6 Rg7 55. Qe5 Nf7 56. Qe7 1-0

[Event "AUT-chT 1718"]
[Site "Austria"]
[Date "2018.04.06"]
[Round "10.3"]
[White "Durakovic, Alman"]
[Black "Lentrodt, Thomas"]
[Result "1-0"]
[WhiteElo "2286"]
[BlackElo "2250"]
[PlyCount "83"]
[EventDate "2017.11.16"]
[EventType "team-tourn"]
[EventRounds "11"]
[EventCountry "AUT"]
[SourceTitle "EXT 2019"]
[Source "ChessBase"]
[SourceDate "2018.10.10"]
[SourceVersion "1"]
[SourceVersionDate "2018.10.10"]
[SourceQuality "1"]
[WhiteTeam "Salzburg Royal"]
[BlackTeam "Grieskirchen/Schallerbach"]
[WhiteTeamCountry "AUT"]
[BlackTeamCountry "AUT"]

1. d4 Nf6 2. c4 e6 3. Nc3 d5 4. cxd5 Nxd5 5. e4 Nxc3 6. bxc3 c5 7. Nf3 cxd4 8. cxd4 Bb4+ 9. Bd2 Bxd2+ 10. Qxd2 0-0 11. Bc4 Nc6 12. 0-0 b6 13. Rad1 Bb7 14. Rfe1 Rc8 15. d5 exd5 16. Bxd5 Qe7 17. e5 Nd8 18. Bxb7 Qxb7 19. Nd4 Ne6 20. Nf5 Rc5 21. Qe3 Qc7 22. Rd3 Rd8 23. Nd6 Rc2 24. f4 Qc6 25. Rd2 Rc1 26. Rxc1 Qxc1+ 27. Kf2 Qc5 28. f5 Qxe3+ 29. Kxe3 Nc5 30. Rd4 Kf8 31. Nb5 Re8 32. Rd5 a6 33. Nd6 Rd8 34. Kd4 Ke7 35. Nc4 Rxd5+ 36. Kxd5 Na4 37. Kc6 b5 38. Ne3 Nc3 39. Nd5+ Nxd5 40. Kxd5 Kd7 41. Kc5 Kc7 42. e6 1-0

[Event "Pfarrkirchen Rottal op 2nd"]
[Site "Pfarrkirchen"]
[Date "2018.04.01"]
[Round "5"]
[White "Durakovic, Alman"]
[Black "Metodiev, Martin"]
[Result "1-0"]
[WhiteElo "2263"]
[BlackElo "1966"]
[PlyCount "79"]
[EventDate "2018.03.30"]
[EventType "swiss"]
[EventRounds "7"]
[EventCountry "GER"]
[SourceTitle "CBM 183 Extra"]
[Source "ChessBase"]
[SourceDate "2018.04.19"]
[SourceVersion "1"]
[SourceVersionDate "2018.04.19"]
[SourceQuality "1"]

1. d4 d5 2. c4 e6 3. Nc3 Be7 4. Nf3 Nf6 5. Bg5 h6 6. Bh4 0-0 7. e3 b6 8. Be2 Bb7 9. Bxf6 Bxf6 10. cxd5 exd5 11. b4 c5 12. bxc5 bxc5 13. Rb1 Bc8 14. Rb5 Be7 15. dxc5 a6 16. Rb3 Be6 17. Nd4 Bxc5 18. 0-0 Bxd4 19. exd4 Nc6 20. Ra3 Qd6 21. Ra4 Bf5 22. Bf3 Nb4 23. Ra5 Bd3 24. Re1 Bc4 25. a3 Nd3 26. Re3 Qb6 27. Rxd5 Rac8 28. Rd7 Bb5 29. Rb7 Qa5 30. Rxb5 axb5 31. Qxd3 Qxa3 32. g3 Rb8 33. Nd5 Qd6 34. Ne7+ Kh8 35. Nc6 Rb6 36. d5 b4 37. Bd1 f5 38. Bb3 Rf7 39. Ne5 Rd7 40. Nc4 1-0

[Event "Pfarrkirchen Rottal op 2nd"]
[Site "Pfarrkirchen"]
[Date "2018.03.31"]
[Round "3"]
[White "Durakovic, Alman"]
[Black "Spiesberger, Gerhard"]
[Result "1-0"]
[WhiteElo "2263"]
[BlackElo "2034"]
[PlyCount "63"]
[EventDate "2018.03.30"]
[EventType "swiss"]
[EventRounds "7"]
[EventCountry "GER"]
[SourceTitle "CBM 183 Extra"]
[Source "ChessBase"]
[SourceDate "2018.04.19"]
[SourceVersion "1"]
[SourceVersionDate "2018.04.19"]
[SourceQuality "1"]

1. d4 d6 2. c4 e5 3. Nc3 Be7 4. Nf3 Nc6 5. d5 Nb8 6. e4 f5 7. exf5 Bxf5 8. Bd3 Qd7 9. 0-0 Na6 10. Be3 Bf6 11. Bxf5 Qxf5 12. Qb3 Qc8 13. Nb5 Ne7 14. c5 Nf5 15. cxd6 Nxd6 16. Nxa7 Rxa7 17. Bxa7 b6 18. Bxb6 cxb6 19. Qxb6 Kd7 20. Rac1 Qb7 21. Qe3 e4 22. Rc6 Rc8 23. Nd4 Bxd4 24. Qh3+ Ke8 25. Qe6+ Qe7 26. Rxd6 Qxe6 27. Rxe6+ Kd7 28. Rxa6 Bxb2 29. Re6 Rc5 30. Rxe4 Rxd5 31. Re2 Be5 32. g3 1-0

[Event "Pfarrkirchen Rottal op 2nd"]
[Site "Pfarrkirchen"]
[Date "2018.03.31"]
[Round "2"]
[White "Shemet, Vitalii"]
[Black "Durakovic, Alman"]
[Result "0-1"]
[WhiteElo "1812"]
[BlackElo "2263"]
[PlyCount "28"]
[EventDate "2018.03.30"]
[EventType "swiss"]
[EventRounds "7"]
[EventCountry "GER"]
[SourceTitle "CBM 183 Extra"]
[Source "ChessBase"]
[SourceDate "2018.04.19"]
[SourceVersion "1"]
[SourceVersionDate "2018.04.19"]
[SourceQuality "1"]

1. e4 c5 2. d4 cxd4 3. Qxd4 Nc6 4. Qd1 Nf6 5. Nc3 e6 6. a3 Bc5 7. Bd3 Qc7 8. h3 a6 9. Nge2 b5 10. Ng3 h5 11. 0-0 Qxg3 12. Ne2 Qc7 13. Kh1 Ng4 14. Bf4 e5 0-1

[Event "Schwarzach op 32nd"]
[Site "Schwarzach"]
[Date "2017.08.24"]
[Round "7"]
[White "Durakovic, Alman"]
[Black "Garofalo, Pietro"]
[Result "1-0"]
[WhiteElo "2298"]
[BlackElo "2031"]
[PlyCount "59"]
[EventDate "2017.08.19"]
[EventType "swiss"]
[EventRounds "9"]
[EventCountry "AUT"]
[SourceTitle "CBM 180 Extra"]
[Source "ChessBase"]
[SourceDate "2017.10.06"]
[SourceVersion "1"]
[SourceVersionDate "2017.10.06"]
[SourceQuality "1"]

1. d4 e6 2. e4 d5 3. Nc3 Bb4 4. exd5 exd5 5. Bd3 Ne7 6. Qh5 Nbc6 7. Nge2 Be6 8. a3 Bxc3+ 9. bxc3 Qd7 10. 0-0 Bf5 11. Ng3 Bxd3 12. cxd3 0-0 13. a4 f5 14. Qh3 Rf7 15. Nh5 Ng6 16. Nf4 Nxf4 17. Bxf4 Re8 18. Qf3 Ne7 19. h4 Ng6 20. Bg5 h6 21. h5 Ne7 22. Bf4 Nc6 23. Rab1 Nd8 24. Qg3 Kh8 25. Rfe1 Rfe7 26. Be5 Rf7 27. a5 b6 28. Bxc7 Rxe1+ 29. Rxe1 Qxc7 30. Re8+ 1-0

[Event "Schwarzach op 32nd"]
[Site "Schwarzach"]
[Date "2017.08.21"]
[Round "4"]
[White "Schlosser, Philipp"]
[Black "Durakovic, Alman"]
[Result "1-0"]
[WhiteElo "2508"]
[BlackElo "2298"]
[PlyCount "85"]
[EventDate "2017.08.19"]
[EventType "swiss"]
[EventRounds "9"]
[EventCountry "AUT"]
[SourceTitle "CBM 180 Extra"]
[Source "ChessBase"]
[SourceDate "2017.10.06"]
[SourceVersion "1"]
[SourceVersionDate "2017.10.06"]
[SourceQuality "1"]

1. Nf3 c5 2. c4 Nf6 3. Nc3 b6 4. d4 cxd4 5. Nxd4 Bb7 6. f3 a6 7. e4 Qc7 8. Be3 e6 9. a3 Nc6 10. b4 Nxd4 11. Qxd4 Bd6 12. Qxb6 Qb8 13. 0-0-0 Be5 14. Bd4 Bc7 15. Qc5 Bd6 16. Qa5 Bc7 17. Qa4 Bc6 18. Qc2 Bxh2 19. Kb2 Be5 20. Qd2 0-0 21. g4 Bf4 22. Be3 Bxe3 23. Qxe3 d5 24. g5 Nd7 25. exd5 exd5 26. Nxd5 Bxd5 27. Rxd5 Re8 28. Qd4 Nf8 29. Bd3 Qg3 30. Qh4 Qg2+ 31. Kb1 g6 32. Be4 Rac8 33. Qh2 Qxh2 34. Rxh2 Rxc4 35. Ra5 Ne6 36. Rd2 Nc7 37. Kb2 h6 38. gxh6 f5 39. Bc2 Kh7 40. Bb3 Rc6 41. Ba4 Nb5 42. Rxa6 Rxa6 43. Bxb5 1-0

[Event "Schwarzach op 32nd"]
[Site "Schwarzach"]
[Date "2017.08.20"]
[Round "2"]
[White "Stevic, Hrvoje"]
[Black "Durakovic, Alman"]
[Result "1-0"]
[WhiteElo "2615"]
[BlackElo "2298"]
[PlyCount "75"]
[EventDate "2017.08.19"]
[EventType "swiss"]
[EventRounds "9"]
[EventCountry "AUT"]
[SourceTitle "CBM 180 Extra"]
[Source "ChessBase"]
[SourceDate "2017.10.06"]
[SourceVersion "1"]
[SourceVersionDate "2017.10.06"]
[SourceQuality "1"]

1. e4 c5 2. Nf3 e6 3. g3 Nc6 4. Bg2 Nf6 5. Qe2 d5 6. exd5 Nxd5 7. 0-0 Be7 8. Rd1 Nd4 9. Nxd4 cxd4 10. c4 Nf6 11. d3 0-0 12. Nd2 Rb8 13. Nb3 a5 14. Bf4 Ra8 15. Be5 Nd7 16. Bxd4 a4 17. Nd2 a3 18. bxa3 e5 19. Bb2 Bxa3 20. Ne4 Qe7 21. Nc3 Bxb2 22. Qxb2 Nf6 23. Re1 Qa3 24. Qc2 Qc5 25. Rab1 Bf5 26. Bxb7 Rad8 27. Ne4 Bxe4 28. Bxe4 Nxe4 29. Rxe4 f5 30. Rb5 Qxb5 31. cxb5 fxe4 32. dxe4 Rd4 33. Qb3+ Kh8 34. b6 Ra8 35. a4 Rdxa4 36. b7 Ra1+ 37. Kg2 Rb8 38. Qc2 1-0

[Event "Oberbayern Bezirksliga 1617"]
[Site "Germany"]
[Date "2017.02.19"]
[Round "6.1"]
[White "Durakovic, Alman"]
[Black "Zenker, Ulrich"]
[Result "1-0"]
[WhiteElo "2302"]
[BlackElo "2166"]
[PlyCount "41"]
[EventDate "2016.10.16"]
[EventType "team-tourn"]
[EventRounds "9"]
[EventCountry "GER"]
[SourceTitle "EXT 2019"]
[Source "ChessBase"]
[SourceDate "2018.10.10"]
[SourceVersion "1"]
[SourceVersionDate "2018.10.10"]
[SourceQuality "1"]
[WhiteTeam "Freilassing"]
[BlackTeam "Ebersberg Grafing"]
[WhiteTeamCountry "GER"]
[BlackTeamCountry "GER"]

1. d4 Nf6 2. c4 e6 3. Nc3 d5 4. Bg5 Be7 5. e3 0-0 6. Nf3 b6 7. Be2 dxc4 8. Bxc4 Bb7 9. Qc2 Nd5 10. Bxe7 Qxe7 11. Nxd5 exd5 12. Bd3 h6 13. Rc1 Nd7 14. 0-0 c5 15. Bh7+ Kh8 16. Bf5 Rfc8 17. Qa4 Bc6 18. Qa3 Rc7 19. Rfd1 Rac8 20. dxc5 Ba8 21. c6 1-0

[Event "Schwarzach op 31st"]
[Site "Schwarzach"]
[Date "2016.08.21"]
[Round "2"]
[White "Ratsma, Midas"]
[Black "Durakovic, Alman"]
[Result "1-0"]
[WhiteElo "2203"]
[BlackElo "2287"]
[PlyCount "87"]
[EventDate "2016.08.20"]
[EventType "swiss"]
[EventRounds "9"]
[EventCountry "AUT"]
[SourceTitle "CBM 174 Extra"]
[Source "ChessBase"]
[SourceDate "2016.10.10"]
[SourceVersion "1"]
[SourceVersionDate "2016.10.10"]
[SourceQuality "1"]

1. d4 Nf6 2. Bg5 Ne4 3. Bf4 c5 4. f3 Qa5+ 5. c3 Nf6 6. d5 Qb6 7. e4 Qxb2 8. Nd2 Qxc3 9. Bc7 g6 10. Ne2 Qa3 11. Rc1 Bh6 12. Rc3 Qxa2 13. f4 Nxd5 14. exd5 Qxd5 15. Ng3 0-0 16. Nge4 Qe6 17. Be2 d6 18. 0-0 Bg7 19. Rg3 Nc6 20. f5 Bd4+ 21. Kh1 Qd7 22. fxg6 hxg6 23. Bc4 d5 24. Qh5 Bg7 25. Qxd5 Qxd5 26. Bxd5 Nb4 27. Bb3 Na6 28. Ba5 e6 29. Bc3 Bxc3 30. Rxc3 b6 31. Rh3 f5 32. Ng5 Nc7 33. Rf4 Rd8 34. Ndf3 Kf8 35. Rfh4 Rd3 36. Rh8+ Ke7 37. R3h7+ Kd6 38. Nf7+ Kc6 39. N7e5+ Kb5 40. Nxd3 Nd5 41. Rd8 a5 42. Bxd5 exd5 43. Rhh8 a4 44. Rxc8 1-0

[Event "Sarajevo Bosna op 46th"]
[Site "Sarajevo"]
[Date "2016.05.31"]
[Round "6"]
[White "Kolaric, Spela"]
[Black "Durakovic, Alman"]
[Result "0-1"]
[WhiteElo "2116"]
[BlackElo "2292"]
[PlyCount "164"]
[EventDate "2016.05.28"]
[EventType "swiss"]
[EventRounds "9"]
[EventCountry "BIH"]
[SourceTitle "EXT 2019"]
[Source "ChessBase"]
[SourceDate "2018.10.10"]
[SourceVersion "1"]
[SourceVersionDate "2018.10.10"]
[SourceQuality "1"]

1. d4 Nf6 2. c4 e6 3. g3 c5 4. d5 exd5 5. cxd5 b5 6. Bg2 d6 7. b4 Nbd7 8. bxc5 dxc5 9. Bb2 Bd6 10. e3 0-0 11. Ne2 Nb6 12. 0-0 Ng4 13. Nbc3 Nc4 14. Bc1 Rb8 15. Rb1 b4 16. Ne4 Bf5 17. h3 Bxe4 18. Bxe4 Nf6 19. Bg2 Re8 20. Qc2 Nb6 21. e4 Qe7 22. Bf4 Bxf4 23. Nxf4 c4 24. Rfe1 Nfxd5 25. Nxd5 Nxd5 26. Qxc4 Nc3 27. Rb2 a5 28. Kh2 Rec8 29. Qd4 Rd8 30. Qc4 Rbc8 31. Qa6 Qe5 32. f4 Qc5 33. e5 Nd1 34. Rbe2 Nc3 35. Rb2 Qb5 36. Qxb5 Nxb5 37. e6 fxe6 38. Rxe6 Rd6 39. Re5 Rb8 40. Bf1 Rdb6 41. Bc4+ Kh8 42. Rd2 Nd6 43. Red5 Nb7 44. Bb3 g6 45. Re5 Rc8 46. g4 Nc5 47. Rc2 Rbc6 48. Bd5 R6c7 49. Rc4 a4 50. g5 b3 51. axb3 axb3 52. Re2 Rd8 53. Rxc5 Rxc5 54. Bxb3 Rc3 55. Ba2 Rf3 56. Be6 Re8 57. Re4 Rf8 58. Bg4 R3xf4 59. Re7 R4f7 60. Re6 Ra7 61. Kg3 Rb8 62. Rc6 Kg7 63. Kh4 Rbb7 64. Rc8 Rb5 65. Be6 Ra4+ 66. Bg4 Rf4 67. Ra8 Rf8 68. Ra7+ Rf7 69. Ra8 h6 70. gxh6+ Kxh6 71. Ra6 Rc7 72. Rd6 Rbc5 73. Re6 Ra7 74. Rd6 Ra4 75. Rb6 Rh5+ 76. Kg3 Ra3+ 77. Kf4 Rc5 78. Rd6 Rc4+ 79. Ke5 Re3+ 80. Kd5 Rd3+ 81. Kxc4 Rxd6 82. Kc3 Kg5 0-1

[Event "Sarajevo Bosna op 46th"]
[Site "Sarajevo"]
[Date "2016.05.28"]
[Round "1"]
[White "Marn, Jan"]
[Black "Durakovic, Alman"]
[Result "0-1"]
[WhiteElo "1831"]
[BlackElo "2292"]
[PlyCount "36"]
[EventDate "2016.05.28"]
[EventType "swiss"]
[EventRounds "9"]
[EventCountry "BIH"]
[SourceTitle "EXT 2019"]
[Source "ChessBase"]
[SourceDate "2018.10.10"]
[SourceVersion "1"]
[SourceVersionDate "2018.10.10"]
[SourceQuality "1"]

1. e4 c5 2. c3 d5 3. exd5 Nf6 4. d4 cxd4 5. Qa4+ Nbd7 6. Qxd4 g6 7. Bb5 Bg7 8. Bxd7+ Qxd7 9. c4 b5 10. Nc3 bxc4 11. Nf3 0-0 12. 0-0 Bb7 13. Rd1 Rfd8 14. Ne5 Qf5 15. Nxc4 Nxd5 16. Ne3 Bxd4 17. Nxf5 Nxc3 18. Nxe7+ Kg7 0-1

[Event "AUT-chT2W 1516"]
[Site "Austria"]
[Date "2015.11.29"]
[Round "5.4"]
[White "Graf, Felix"]
[Black "Durakovic, Alman"]
[Result "1/2-1/2"]
[WhiteElo "2478"]
[BlackElo "2314"]
[PlyCount "81"]
[EventDate "2015.10.16"]
[EventType "team-tourn"]
[EventRounds "11"]
[EventCountry "AUT"]
[SourceTitle "EXT 2017"]
[Source "ChessBase"]
[SourceDate "2016.10.25"]
[SourceVersion "1"]
[SourceVersionDate "2016.10.25"]
[SourceQuality "1"]
[WhiteTeam "Bregenz"]
[BlackTeam "Bernhard II"]
[WhiteTeamCountry "AUT"]
[BlackTeamCountry "AUT"]

1. Nf3 Nf6 2. b3 c5 3. Bb2 d5 4. e3 e6 5. c4 Nc6 6. Nc3 Be7 7. d4 0-0 8. dxc5 Bxc5 9. a3 dxc4 10. b4 Bd6 11. Bxc4 a6 12. Bd3 Qe7 13. Qc2 Bd7 14. 0-0 Rac8 15. Rfc1 Ne5 16. Nxe5 Bxe5 17. Qe2 Bc6 18. b5 axb5 19. Nxb5 Bxb2 20. Qxb2 Ra8 21. Nd4 Bd5 22. f3 e5 23. Nf5 Qd8 24. Rd1 Qc7 25. Rac1 Bc6 26. Qb4 e4 27. Bxe4 Nxe4 28. Ne7+ Kh8 29. Nxc6 bxc6 30. Qxe4 Rfe8 31. Qd3 Rad8 32. Qc3 h6 33. Rxd8 Qxd8 34. e4 Re6 35. a4 Rd6 36. a5 Rd3 37. Qxc6 Qd4+ 38. Kf1 Rd1+ 39. Rxd1 Qxd1+ 40. Kf2 Qd2+ 41. Kg3 1/2-1/2

[Event "AUT-chT2W 1516"]
[Site "Austria"]
[Date "2015.10.17"]
[Round "2.3"]
[White "Koepke, Christian"]
[Black "Durakovic, Alman"]
[Result "0-1"]
[WhiteElo "2322"]
[BlackElo "2314"]
[PlyCount "88"]
[EventDate "2015.10.16"]
[EventType "team-tourn"]
[EventRounds "11"]
[EventCountry "AUT"]
[SourceTitle "CBM 168 Extra"]
[Source "ChessBase"]
[SourceDate "2015.10.29"]
[SourceVersion "1"]
[SourceVersionDate "2015.10.29"]
[SourceQuality "1"]
[WhiteTeam "Kufstein/Woergl"]
[BlackTeam "Bernhard II"]
[WhiteTeamCountry "AUT"]
[BlackTeamCountry "AUT"]

1. e4 c5 2. Nf3 Nc6 3. Nc3 g6 4. d4 cxd4 5. Nxd4 Bg7 6. Be3 Nf6 7. Bc4 0-0 8. Bb3 d6 9. f3 Bd7 10. Qd2 Rc8 11. 0-0-0 Ne5 12. Kb1 Nc4 13. Bxc4 Rxc4 14. g4 b5 15. h4 b4 16. Nce2 Qc7 17. h5 Rc8 18. hxg6 fxg6 19. Nf4 e5 20. Nfe6 exd4 21. Nxc7 dxe3 22. Qxe3 R8xc7 23. Rxd6 Ba4 24. Rd8+ Ne8 25. e5 Bxc2+ 26. Ka1 Ba4 27. b3 Rc3 28. Qd4 Bc6 29. Rf1 Re7 30. f4 a5 31. Re1 Bf8 32. f5 Bg7 33. Qd6 Bf8 34. f6 Nxd6 35. fxe7 Ne8 36. exf8Q+ Kxf8 37. Rc8 h5 38. Rf1+ Ke7 39. gxh5 gxh5 40. Rd1 h4 41. Rcd8 h3 42. R8d2 Rg3 43. Rc2 Bg2 44. Rc4 Bf3 0-1

[Event "Neumarkt am Wallersee op 14th"]
[Site "Neumarkt am Wallersee"]
[Date "2015.08.27"]
[Round "6"]
[White "Lipp, Alfred"]
[Black "Durakovic, Alman"]
[Result "1-0"]
[WhiteElo "2156"]
[BlackElo "2315"]
[PlyCount "37"]
[EventDate "2015.08.22"]
[EventType "swiss"]
[EventRounds "9"]
[EventCountry "AUT"]
[SourceTitle "EXT 2016"]
[Source "ChessBase"]
[SourceDate "2015.10.08"]
[SourceVersion "1"]
[SourceVersionDate "2015.10.08"]
[SourceQuality "1"]

1. d4 Nf6 2. Nf3 e6 3. e3 b6 4. Bd3 Bb7 5. 0-0 Be7 6. Nbd2 c5 7. e4 c4 8. Bxc4 Nxe4 9. Nxe4 Bxe4 10. Re1 Bxf3 11. Qxf3 d5 12. Bb5+ Nd7 13. c4 Bb4 14. Re2 dxc4 15. Qb7 Ke7 16. a3 Bd6 17. Bg5+ f6 18. Rae1 Be5 19. Rxe5 1-0

[Event "Neumarkt am Wallersee op 14th"]
[Site "Neumarkt am Wallersee"]
[Date "2015.08.25"]
[Round "4"]
[White "Frank, Emanuel"]
[Black "Durakovic, Alman"]
[Result "1/2-1/2"]
[WhiteElo "2195"]
[BlackElo "2315"]
[PlyCount "94"]
[EventDate "2015.08.22"]
[EventType "swiss"]
[EventRounds "9"]
[EventCountry "AUT"]
[SourceTitle "EXT 2016"]
[Source "ChessBase"]
[SourceDate "2015.10.08"]
[SourceVersion "1"]
[SourceVersionDate "2015.10.08"]
[SourceQuality "1"]

1. d4 Nf6 2. c4 c5 3. d5 e6 4. Nc3 exd5 5. cxd5 d6 6. e4 g6 7. f4 Bg7 8. Bb5+ Nfd7 9. Be2 Na6 10. Nf3 0-0 11. 0-0 Re8 12. Kh1 Nc7 13. f5 Ne5 14. Bg5 Bf6 15. Bxf6 Qxf6 16. fxg6 hxg6 17. Qd2 Nxf3 18. Rxf3 Qe5 19. Raf1 Re7 20. Rg3 b5 21. Rg5 Qg7 22. Qf4 b4 23. Nd1 Ne8 24. Ne3 a5 25. Bb5 Bd7 26. Bxd7 Rxd7 27. Nf5 Qxb2 28. Nh6+ Kg7 29. Qh4 Qe2 30. Nf5+ Kg8 31. Ng3 Qb2 32. e5 dxe5 33. Qh6 Ra6 34. Rg4 Rf6 35. Re1 Qf2 36. Rg1 Rf4 37. Ne4 Qd4 38. Rg3 Ng7 39. Rh3 Nh5 40. Ng3 Rh4 41. Nxh5 Rxh5 42. Rxh5 gxh5 43. Rf1 Qxd5 44. Qg5+ Kf8 45. Qh6+ Ke7 46. Qf6+ Ke8 47. Qh8+ Ke7 1/2-1/2